[Event "Get your pieces to work together"]
[Site "SchemingMind.com"]
[Date "2011.05.20"]
[Round "-"]
[White "JBurger"]
[Black "kenneth m day"]
[Result "0-1"]
[WhiteCountry "USA"]
[BlackCountry "USA"]
[WhiteElo "1394"]
[WhiteRD "171"]
[BlackElo "1977"]
[BlackRD "79"]
[GameID "284619"]

1. c4 g6 2. d3 Bg7 3. e4 c5 4. Nc3 Nc6 5. Nf3 d6 6. g3 Bg4 7. Bg2 e6 8. O-O Nge7 9. Qb3 Rb8 10. h3 Bxf3
11. Bxf3 Nd4 12. Qd1 Nec6 13. e5 Nxf3+ 14. Qxf3 Nxe5 15. Qe3 O-O 16. f4 Nc6 17. a3 Bd4
0-1

[Event "Get your pieces to work together"]
[Site "SchemingMind.com"]
[Date "2011.05.21"]
[Round "-"]
[White "TRH"]
[Black "maro"]
[Result "1-0"]
[WhiteCountry "ENG"]
[BlackCountry "MEX"]
[WhiteElo "1985"]
[WhiteRD "65"]
[BlackElo "1299"]
[BlackRD "59"]
[GameID "284694"]

1. e4 e5 2. Nf3 d5 3. exd5 e4 4. Qe2 Qxd5 5. d3 Bf5 6. Nc3 Bb4 7. Bd2 Bxc3 8. Bxc3 Nh6 9. dxe4 Bxe4 10. Rd1 Qf5
11. Bxg7 Qa5+ 12. c3 f5 13. Bxh8 Nd7 14. Ng5 O-O-O 15. Bd4 Re8 16. f3
1-0

[Event "Get your pieces to work together"]
[Site "SchemingMind.com"]
[Date "2011.05.22"]
[Round "-"]
[White "maro"]
[Black "TRH"]
[Result "0-1"]
[WhiteCountry "MEX"]
[BlackCountry "ENG"]
[WhiteElo "1299"]
[WhiteRD "59"]
[BlackElo "1985"]
[BlackRD "65"]
[GameID "284697"]

1. e4 g6 2. Bc4 Bg7 3. Bxf7+ Kxf7 4. d4 d6 5. Qf3+ Ke8 6. Bg5 Bxd4 7. Be3 Nc6 8. Ne2 Bxb2 9. O-O Bxa1 10. Nd2 Bg7
11. Rd1 Nf6 12. Bd4 Nxd4 13. Nxd4 Bg4 14. Qf4 Bxd1 15. Ne6 Qd7 16. Nxg7+ Kf7 17. e5 dxe5
0-1

[Event "Get your pieces to work together"]
[Site "SchemingMind.com"]
[Date "2011.05.26"]
[Round "-"]
[White "Yellow"]
[Black "Olli Ylönen"]
[Result "1-0"]
[WhiteCountry "INT"]
[BlackCountry "FIN"]
[WhiteElo "2354"]
[WhiteRD "63"]
[BlackElo "1734"]
[BlackRD "51"]
[GameID "284748"]

1. Nf3 Nf6 2. c4 c5 3. d4 cxd4 4. Nxd4 e5 5. Nb5 d5 6. cxd5 Bc5 7. N5c3 O-O 8. e3 e4 9. a3 a5 10. Nd2 Qe7
11. d6 Bxd6 12. Ndxe4 Nxe4 13. Nxe4 Rd8 14. Nxd6 Rxd6 15. Qc2 Nc6 16. Bd3 Nd4 17. Bxh7+ Kf8 18. Qe4 Nb3 19. Qxe7+ Kxe7 20. Rb1 g6
21. e4 Nxc1 22. Rxc1 Bd7 23. f3 Kf8 24. h4 Kg7 25. Bxg6 fxg6 26. Kf2 Rc8 27. Rxc8 Bxc8 28. Rc1 Be6 29. Rc7+ Rd7 30. Rxd7+ Bxd7
31. Ke3 Kh6 32. Kd4 g5 33. hxg5+ Kxg5 34. Ke5 Ba4 35. b4 axb4 36. axb4 Kh4 37. f4 Kg3 38. f5 Kxg2 39. f6 Bb3 40. Kd6 Kf3
41. e5
1-0

[Event "Get your pieces to work together"]
[Site "SchemingMind.com"]
[Date "2011.05.26"]
[Round "-"]
[White "Olli Ylönen"]
[Black "Yellow"]
[Result "0-1"]
[WhiteCountry "FIN"]
[BlackCountry "INT"]
[WhiteElo "1692"]
[WhiteRD "51"]
[BlackElo "2278"]
[BlackRD "68"]
[GameID "284754"]

1. e4 e5 2. Nf3 Nc6 3. Bb5 a6 4. Bxc6 dxc6 5. O-O Qd6 6. Na3 b5 7. c3 c5 8. Nc2 Bb7 9. Re1 Ne7 10. a4 b4
11. Ne3 f6 12. d4 cxd4 13. cxd4 Bxe4 14. Nc4 Qd5 15. dxe5 Qxd1 16. Rxd1 Bxf3 17. gxf3 fxe5 18. Nxe5 Nf5 19. Re1 Rg8 20. a5 O-O-O
21. Nc6 Rd6 22. Nxb4 Rg6+ 23. Kf1 Bxb4 24. Re4 Bd6 25. Bf4 Kd7 26. Bxd6 Rxd6 27. Kg2 Rb8 28. b4 Rd4 29. Rxd4+ Nxd4
0-1

[Event "Get your pieces to work together"]
[Site "SchemingMind.com"]
[Date "2011.05.24"]
[Round "-"]
[White "Phillip Beckett"]
[Black "mochiron"]
[Result "1-0"]
[WhiteCountry "ENG"]
[BlackCountry "JPN"]
[WhiteElo "1687"]
[WhiteRD "55"]
[BlackElo "1376"]
[BlackRD "77"]
[GameID "284897"]

1. e4 c6 2. d4 d5 3. e5 Bf5 4. c3 e6 5. Bd3 Bxd3 6. Qxd3 h6 7. Nf3 Be7 8. Nbd2 Bg5 9. O-O Bxd2 10. Bxd2 Ne7
11. a4 Nd7 12. b4 b6 13. Rfb1 Nf5 14. a5 b5 15. Ne1 a6 16. g3 h5 17. Ng2 h4 18. g4 h3 19. gxf5 hxg2 20. fxe6 Qh4
21. exd7+ Kd8 22. Qg3 Qxg3 23. fxg3 Kxd7 24. Kxg2 g5 25. Bxg5 Rag8 26. Bf6 Rg4 27. Rf1 Rg6 28. Rf5 Rgh6 29. Bxh8 Rxh8 30. Raf1 Rh7
31. Rxf7+ Rxf7 32. Rxf7+ Ke6 33. Ra7
1-0

[Event "Get your pieces to work together"]
[Site "SchemingMind.com"]
[Date "2011.05.24"]
[Round "-"]
[White "otsenrechess"]
[Black "Clive Everill"]
[Result "1-0"]
[WhiteCountry "HUN"]
[BlackCountry "CZE"]
[WhiteElo "2304"]
[WhiteRD "86"]
[BlackElo "1747"]
[BlackRD "51"]
[GameID "284898"]

1. d4 Nf6 2. c4 g6 3. Nc3 d5 4. Nf3 Bg7 5. Bf4 O-O 6. Rc1 dxc4 7. e4 Bg4 8. Bxc4 Nh5 9. Be3 Bxf3 10. gxf3 e5
11. dxe5 Qxd1+ 12. Rxd1 Bxe5 13. Nd5 Na6 14. O-O c6 15. Ne7+ Kg7 16. Bxa6 bxa6 17. Rd2 f5 18. Nxc6 Bf4 19. e5 Rae8 20. Rd7+ Kh6
21. Rxa7 Bxe3 22. fxe3 Re6 23. Rc7 a5 24. Rd1 Ng7 25. Rdd7 Ne8 26. Rxh7+ Kg5 27. h4#
1-0

[Event "Get your pieces to work together"]
[Site "SchemingMind.com"]
[Date "2011.05.25"]
[Round "-"]
[White "mochiron"]
[Black "Phillip Beckett"]
[Result "0-1"]
[WhiteCountry "JPN"]
[BlackCountry "ENG"]
[WhiteElo "1376"]
[WhiteRD "77"]
[BlackElo "1687"]
[BlackRD "55"]
[GameID "284904"]

1. b4 c6 2. Bb2 Qb6 3. a3 a5 4. e3 axb4 5. a4 c5 6. Bb5 Nc6 7. Nf3 Nf6 8. Bxf6 exf6 9. Bxc6 dxc6 10. O-O Bd6
11. d3 O-O 12. Nbd2 Bg4 13. h3 Be6 14. Ne4 Qc7 15. Nxd6 Qxd6 16. e4 c4 17. d4 Rad8 18. d5 cxd5 19. exd5 Bxd5 20. Nh2 Bc6
21. Qh5 Qd5 22. Qg4 h5 23. Qf3 Qxf3 24. Nxf3 Bxf3 25. gxf3 Rd2 26. a5 Rxc2 27. Kh2 b3 28. Ra4 Re8 29. h4 Ree2 30. a6 bxa6
31. Rxa6 Rxf2+ 32. Rxf2 Rxf2+ 33. Kg3 Rd2 34. Rc6 b2 35. Rxc4 b1=Q 36. Rc8+ Kh7
0-1

[Event "Get your pieces to work together"]
[Site "SchemingMind.com"]
[Date "2011.05.24"]
[Round "-"]
[White "Clive Everill"]
[Black "otsenrechess"]
[Result "0-1"]
[WhiteCountry "CZE"]
[BlackCountry "HUN"]
[WhiteElo "1740"]
[WhiteRD "56"]
[BlackElo "2309"]
[BlackRD "76"]
[GameID "284905"]

1. e4 e6 2. d4 d5 3. Nd2 dxe4 4. Nxe4 Nd7 5. Nf3 Ngf6 6. Nxf6+ Nxf6 7. Bd3 c5 8. O-O cxd4 9. Nxd4 Bc5 10. Nb3 Bd6
11. Bg5 Qc7 12. h3 Bd7 13. Nd2 h6 14. Be3 O-O 15. Nc4 Bh2+ 16. Kh1 b5 17. Nd2 Nd5 18. Nf3 Nxe3 19. fxe3 Bd6 20. Qe2 Qc5
21. e4 Bc6 22. a3 Bg3 23. b4 Qb6 24. c4 bxc4 25. Bxc4 a5 26. b5 Bb7 27. a4 Rac8 28. Rac1 Rfd8 29. Ne5 Bxe5 30. Qh5 Bf6
31. e5 Rd2 32. Be2 Rxc1 33. Rxc1 Qe3 34. Re1 Qg3 35. Rg1 Rxe2 36. Qxe2 Qxh3#
0-1

[Event "Get your pieces to work together"]
[Site "SchemingMind.com"]
[Date "2011.05.27"]
[Round "-"]
[White "Andoni Zabala"]
[Black "zyga65"]
[Result "0-1"]
[WhiteCountry "INT"]
[BlackCountry "POL"]
[WhiteElo "1565"]
[WhiteRD "114"]
[BlackElo "2046"]
[BlackRD "108"]
[GameID "284944"]

1. e4 c5 2. Nf3 Nc6 3. d4 cxd4 4. Nxd4 g6 5. Nc3 Bg7 6. Be3 Nf6 7. Be2 O-O 8. Qd2 d5 9. exd5 Nxd5 10. O-O-O Nxe3
11. fxe3 Qc7 12. a3 Rd8 13. Ncb5 Qb6 14. c4 a6 15. Nc3 Nxd4 16. exd4 Rxd4 17. Qc2 Bf5 18. Qa4 Rad8 19. b4 Bh6+ 20. Kb2 Rd2+
21. Kb3 Bc2+
0-1

[Event "Get your pieces to work together"]
[Site "SchemingMind.com"]
[Date "2011.05.25"]
[Round "-"]
[White "Naoki_M"]
[Black "docjan"]
[Result "0-1"]
[WhiteCountry "JPN"]
[BlackCountry "SWE"]
[WhiteElo "1664"]
[WhiteRD "77"]
[BlackElo "2224"]
[BlackRD "64"]
[GameID "284945"]

1. d4 Nf6 2. Nc3 d5 3. Nf3 e6 4. Ne5 c5 5. Bg5 cxd4 6. Qxd4 Be7 7. O-O-O O-O 8. h4 Nc6 9. Nxc6 bxc6 10. f3 h6
11. Be3 c5 12. Qd2 d4 13. Bxd4 cxd4 14. Qxd4 Qa5 15. Kb1 Rd8 16. Qf2 Rb8 17. Rxd8+ Bxd8 18. Kc1 Rxb2 19. Kxb2 Qb4+ 20. Kc1 Qxc3
21. Qxa7 Nd5 22. e4 Qe1+ 23. Kb2 Bf6+
0-1

[Event "Get your pieces to work together"]
[Site "SchemingMind.com"]
[Date "2011.05.27"]
[Round "-"]
[White "zyga65"]
[Black "Andoni Zabala"]
[Result "1-0"]
[WhiteCountry "POL"]
[BlackCountry "INT"]
[WhiteElo "2096"]
[WhiteRD "88"]
[BlackElo "1560"]
[BlackRD "117"]
[GameID "284949"]

1. e4 e5 2. d4 exd4 3. Nf3 Nc6 4. Bc4 Bb4+ 5. c3 dxc3 6. bxc3 Bc5 7. Bxf7+ Kf8 8. Qd5 Bxf2+ 9. Kxf2 Nge7 10. Qc4 h6
11. Ba3 d6 12. Rf1 g5 13. Bh5 Rh7 14. Kg1 Kg7 15. Bb2 Ng6 16. Rd1 Nce5 17. Nxe5 Nxe5 18. Qe2 Qe7 19. Rf1 Bd7 20. c4 Rf8
21. Nd2 Kg8 22. Nf3 Bg4 23. Bxg4 Nxg4 24. Nd4 Rxf1+ 25. Rxf1 Qd7 26. Nf5 h5 27. Qd2 Qd8 28. Qd5+ Kf8 29. Ng7+ Nf6 30. Rxf6+ Kxg7
31. Qf7+ Kh8 32. Qf8+ Qxf8 33. Rxf8#
1-0

[Event "Get your pieces to work together"]
[Site "SchemingMind.com"]
[Date "2011.05.25"]
[Round "-"]
[White "docjan"]
[Black "Naoki_M"]
[Result "1-0"]
[WhiteCountry "SWE"]
[BlackCountry "JPN"]
[WhiteElo "2224"]
[WhiteRD "64"]
[BlackElo "1664"]
[BlackRD "77"]
[GameID "284950"]

1. e4 c5 2. Nf3 d6 3. d4 cxd4 4. Nxd4 Nf6 5. Nc3 g6 6. Be3 Bg7 7. f3 O-O 8. Qd2 Nc6 9. O-O-O Nxd4 10. Bxd4 e5
11. Be3 Ne8 12. g4 Be6 13. h4 a6 14. h5 Rc8 15. g5 b5 16. Qh2 f5 17. hxg6 hxg6 18. Qh7+ Kf7 19. Rh6 f4 20. Qxg6+
1-0

[Event "Get your pieces to work together"]
[Site "SchemingMind.com"]
[Date "2011.07.26"]
[Round "-"]
[White "emvarela"]
[Black "docjan"]
[Result "0-1"]
[WhiteCountry "ARG"]
[BlackCountry "SWE"]
[WhiteElo "1728"]
[WhiteRD "46"]
[BlackElo "2302"]
[BlackRD "56"]
[GameID "289218"]

1. e4 c5 2. Nf3 d6 3. d4 cxd4 4. Nxd4 Nf6 5. Nc3 e5 6. Bb5+ Bd7 7. Bxd7+ Qxd7 8. Nde2 Nc6 9. Bg5 Be7 10. f3 h6
11. Be3 O-O 12. Qd2 Rfd8 13. O-O-O Rac8 14. g4 d5 15. exd5 Nb4 16. a3 Nbxd5 17. Nxd5 Nxd5 18. f4 Qa4 19. fxe5 Nxe3
0-1

[Event "Get your pieces to work together"]
[Site "SchemingMind.com"]
[Date "2011.07.22"]
[Round "-"]
[White "Phillip Beckett"]
[Black "kenneth m day"]
[Result "0-1"]
[WhiteCountry "ENG"]
[BlackCountry "USA"]
[WhiteElo "1677"]
[WhiteRD "57"]
[BlackElo "1943"]
[BlackRD "55"]
[GameID "289219"]

1. e4 e6 2. d4 d5 3. Nd2 Nf6 4. e5 Nfd7 5. f4 c5 6. c3 Nc6 7. Ndf3 Be7 8. Ne2 O-O 9. g3 b5 10. Bh3 a5
11. Kf1 Ba6 12. Kg2 Nb6 13. Be3 Nc4 14. Bc1 Bc8 15. dxc5 Bxc5 16. Ned4 Nxd4 17. Nxd4 Bd7 18. Qb3 Rb8 19. Qd1 Rb6 20. b3 Na3
21. Bxa3 Bxa3 22. Nc2 Bb2 23. Qd3 Bxa1 24. Rxa1 Qc7 25. c4 bxc4 26. bxc4 Qxc4 27. Qd2 Rb2 28. Rc1 Rc8
0-1

[Event "Get your pieces to work together"]
[Site "SchemingMind.com"]
[Date "2011.07.26"]
[Round "-"]
[White "docjan"]
[Black "emvarela"]
[Result "1-0"]
[WhiteCountry "SWE"]
[BlackCountry "ARG"]
[WhiteElo "2312"]
[WhiteRD "59"]
[BlackElo "1751"]
[BlackRD "48"]
[GameID "289226"]

1. d4 Nf6 2. c4 e6 3. Nf3 c5 4. d5 exd5 5. cxd5 d6 6. Nc3 a6 7. a4 Be7 8. e4 O-O 9. Be2 Bg4 10. Nd2 Bxe2
11. Qxe2 Nbd7 12. a5 b5 13. axb6 Nxb6 14. Rxa6 Qc7 15. O-O Rxa6 16. Qxa6 Ra8 17. Qe2 Nfd7 18. f4 Na4 19. Nxa4 Rxa4 20. Nc4 Nb6
21. b3 Rb4 22. Bd2 Rxb3 23. Ba5 Bd8 24. Qa2 Rb5 25. Bxb6 Rxb6 26. Nxb6 Qxb6 27. Rb1 Qc7 28. Qa8 Kf8 29. Rb8 Ke8 30. e5 c4
31. Qc6+
1-0

[Event "Get your pieces to work together"]
[Site "SchemingMind.com"]
[Date "2011.07.22"]
[Round "-"]
[White "kenneth m day"]
[Black "Phillip Beckett"]
[Result "1-0"]
[WhiteCountry "USA"]
[BlackCountry "ENG"]
[WhiteElo "1943"]
[WhiteRD "55"]
[BlackElo "1677"]
[BlackRD "57"]
[GameID "289227"]

1. d4 d5 2. Nf3 Nf6 3. Bf4 e6 4. e3 c5 5. c3 Nc6 6. Bd3 cxd4 7. exd4 Bd6 8. Ne5 O-O 9. Nd2 Qc7 10. Ndf3 Nd7
11. Bxh7+ Kxh7 12. Ng5+ Kg8 13. h4 Ndxe5 14. Qh5 Rd8 15. Qh7+ Kf8 16. Qh8+ Ke7 17. Qxg7 Rf8 18. Nh7 Qd8 19. Bg5+ Ke8 20. Bxd8 Nd3+
21. Kd2 Nxf2 22. Rhf1 Ne4+ 23. Kc2 Nxd8 24. Nxf8 Bxf8 25. Qg8 Bd7 26. Rae1 Rc8 27. h5 Ba4+ 28. Kc1 b5 29. Re3 b4 30. h6 bxc3
31. bxc3 Nxc3 32. Rxc3 Rxc3+ 33. Kd2 Rc2+ 34. Ke3 Rc3+ 35. Kf4 Rc4 36. Kg5 Rxd4 37. h7 Bd1 38. Rxd1 f6+ 39. Kxf6 Rf4+ 40. Kg5 Rf5+
41. Kg4 Nf7 42. h8=Q
1-0

[Event "Get your pieces to work together"]
[Site "SchemingMind.com"]
[Date "2011.08.22"]
[Round "-"]
[White "TRH"]
[Black "zyga65"]
[Result "1/2-1/2"]
[WhiteCountry "ENG"]
[BlackCountry "POL"]
[WhiteElo "2131"]
[WhiteRD "61"]
[BlackElo "2038"]
[BlackRD "80"]
[GameID "291376"]

1. d4 Nf6 2. c4 e6 3. Nc3 d5 4. Nf3 c6 5. e3 Nbd7 6. Bd3 Bd6 7. Qc2 O-O 8. O-O dxc4 9. Bxc4 a6 10. Rd1 b5
11. Be2 Qc7 12. Ne4 Nxe4 13. Qxe4 Be7 14. Bd2 Bb7 15. Rac1 c5 16. Qb1 Qb6 17. dxc5 Nxc5 18. Bc3 Be4 19. Qa1 b4 20. Bd4 Rac8
21. Nd2 Bd5 22. b3 f6 23. Bf3 Bxf3 24. Nxf3 Rfd8 25. Nd2 Qb5 26. Qb1 Nb7 27. Nc4 Nd6 28. Bb6 Rd7 29. Nxd6 Rxc1 30. Rxc1 Qxb6
31. Nc8 Qb7 32. Nxe7+ Rxe7 33. Qc2 Rd7 34. h3 h6 35. Qg6 Rd8 36. Qg4 e5 37. Qe6+ Kh8 38. Rc6 a5 39. Rc5 Qa7 40. Rc8 Rxc8
41. Qxc8+ Kh7 42. Qf5+ Kh8 43. Qc8+ Kh7=
1/2-1/2

[Event "Get your pieces to work together"]
[Site "SchemingMind.com"]
[Date "2011.08.22"]
[Round "-"]
[White "zyga65"]
[Black "TRH"]
[Result "0-1"]
[WhiteCountry "POL"]
[BlackCountry "ENG"]
[WhiteElo "2005"]
[WhiteRD "73"]
[BlackElo "2155"]
[BlackRD "63"]
[GameID "291378"]

1. e4 e5 2. d4 exd4 3. Nf3 Nc6 4. Nxd4 Bc5 5. Nxc6 Qf6 6. Qd2 dxc6 7. Nc3 Be6 8. Na4 Rd8 9. Bd3 Bd4 10. O-O b5
11. c3 bxa4 12. cxd4 Qxd4 13. Qg5 Ne7 14. Rd1 Qxe4 15. f3 Qd4+ 16. Be3 Qxb2 17. Bc5 Nd5 18. Qh4 Qe5 19. Be4 Qf6 20. Qg3 h5
21. Bxd5 Rxd5 22. Bxa7 O-O 23. a3 h4 24. Qf2 Rfd8 25. Qe2 h3 26. g3 c5 27. Rab1 Rxd1+ 28. Rxd1 Rxd1+ 29. Qxd1 Qb2 30. Qf1 Bc4
0-1

[Event "Get your pieces to work together"]
[Site "SchemingMind.com"]
[Date "2011.09.21"]
[Round "-"]
[White "otsenrechess"]
[Black "Yellow"]
[Result "0-1"]
[WhiteCountry "HUN"]
[BlackCountry "INT"]
[WhiteElo "2147"]
[WhiteRD "45"]
[BlackElo "2340"]
[BlackRD "63"]
[GameID "293502"]

1. c4 c5 2. Nf3 Nf6 3. Nc3 d5 4. cxd5 Nxd5 5. e4 Nb4 6. d3 Bg4 7. Be3 e6 8. Be2 Bxf3 9. gxf3 N4c6 10. O-O Nd4
11. f4 Nbc6 12. Rc1 Be7 13. Bg4 Qb6 14. f5 O-O 15. fxe6 fxe6 16. Ne2 Ne5 17. Bxd4 cxd4 18. h3 Nxg4 19. hxg4 Rf3 20. Qa4 e5
21. Qd7 Rf7
0-1

[Event "Get your pieces to work together"]
[Site "SchemingMind.com"]
[Date "2011.09.21"]
[Round "-"]
[White "Yellow"]
[Black "otsenrechess"]
[Result "1-0"]
[WhiteCountry "INT"]
[BlackCountry "HUN"]
[WhiteElo "2351"]
[WhiteRD "62"]
[BlackElo "2136"]
[BlackRD "49"]
[GameID "293507"]

1. Nf3 d5 2. d4 Nf6 3. c4 e6 4. Nc3 Bb4 5. cxd5 exd5 6. Qa4+ Nc6 7. Bg5 h6 8. Bxf6 Qxf6 9. Rc1 O-O 10. e3 Qg6
11. a3 Bxc3+ 12. bxc3 Rb8 13. c4 Rd8 14. Be2 dxc4 15. Qxc4 Be6 16. Qc3 Rd6 17. O-O Bh3 18. Ne1 Re8 19. Bd3 Bf5 20. Qb3 b6
21. Rc3 Be4 22. Qc2 f5 23. Bxe4 fxe4 24. f3 a6 25. Rf2 exf3 26. Nxf3 Qe4 27. Qa4 b5 28. Qc2 Re7 29. Kf1 Re8 30. Qb3+ Kh8
31. Nd2 Qe7 32. Kg1 Rf6 33. Rxf6 Qxf6 34. Qd5
1-0

[Event "Get your pieces to work together"]
[Site "SchemingMind.com"]
[Date "2011.10.28"]
[Round "-"]
[White "TRH"]
[Black "docjan"]
[Result "0-1"]
[WhiteCountry "ENG"]
[BlackCountry "SWE"]
[WhiteElo "1966"]
[WhiteRD "63"]
[BlackElo "2311"]
[BlackRD "55"]
[GameID "295894"]

1. d4 d5 2. c4 e6 3. Nc3 Nf6 4. Nf3 Be7 5. Bg5 O-O 6. e3 Nbd7 7. Rc1 h6 8. Bh4 a6 9. cxd5 exd5 10. Bd3 c5
11. dxc5 Nxc5
0-1

[Event "Get your pieces to work together"]
[Site "SchemingMind.com"]
[Date "2011.10.30"]
[Round "-"]
[White "docjan"]
[Black "TRH"]
[Result "1-0"]
[WhiteCountry "SWE"]
[BlackCountry "ENG"]
[WhiteElo "2311"]
[WhiteRD "55"]
[BlackElo "1966"]
[BlackRD "63"]
[GameID "295900"]

1. e4 c5 2. Nf3 d6 3. d4 cxd4 4. Nxd4 Nc6 5. Nc3 Nf6 6. h3 a6 7. Be3 e5 8. Nxc6 bxc6 9. Bc4 Be6 10. Bxe6 fxe6
11. O-O d5 12. Na4 Bd6 13. f3
1-0

[Event "Get your pieces to work together"]
[Site "SchemingMind.com"]
[Date "2011.12.20"]
[Round "-"]
[White "Yellow"]
[Black "kenneth m day"]
[Result "0-1"]
[WhiteCountry "INT"]
[BlackCountry "USA"]
[WhiteElo "2183"]
[WhiteRD "69"]
[BlackElo "1866"]
[BlackRD "52"]
[GameID "299413"]

1. Nf3 d5 2. d4 Nf6 3. c4 Bf5 4. Nc3 c6 5. e3 e6 6. Bd3 Bxd3 7. Qxd3 Nbd7 8. O-O Bd6 9. e4 dxe4 10. Nxe4 Be7
11. Bf4 Nxe4 12. Qxe4 Nf6
0-1

[Event "Get your pieces to work together"]
[Site "SchemingMind.com"]
[Date "2012.02.13"]
[Round "-"]
[White "kenneth m day"]
[Black "docjan"]
[Result "0-1"]
[WhiteCountry "USA"]
[BlackCountry "SWE"]
[WhiteElo "1920"]
[WhiteRD "54"]
[BlackElo "2378"]
[BlackRD "59"]
[GameID "303354"]

1. e4 e5 2. Nf3 Nc6 3. c3 d5 4. Qa4 Bd7 5. exd5 Nd4 6. Qd1 Nxf3+ 7. Qxf3 Bd6 8. Bc4 f5 9. d4 exd4 10. O-O Qf6
11. Re1+ Ne7 12. Bd2 O-O 13. Bb3 Ng6 14. cxd4 Qxd4 15. Bc3 Qf4 16. Nd2 Qxh2+ 17. Kf1 Qh1+ 18. Ke2 Rae8+
0-1

[Event "Get your pieces to work together"]
[Site "SchemingMind.com"]
[Date "2012.02.13"]
[Round "-"]
[White "docjan"]
[Black "kenneth m day"]
[Result "1-0"]
[WhiteCountry "SWE"]
[BlackCountry "USA"]
[WhiteElo "2353"]
[WhiteRD "62"]
[BlackElo "1859"]
[BlackRD "56"]
[GameID "303361"]

1. d4 Nf6 2. Bg5 e6 3. Nf3 d5 4. e3 c5 5. c4 Be7 6. dxc5 Bxc5 7. cxd5 Qxd5 8. Qc2 Nbd7 9. Nc3 Qc6 10. Bb5 Qc7
11. O-O O-O 12. Rfd1 a6 13. Bxd7 Nxd7 14. Bf4 Qc6 15. Ne4 Be7 16. Qxc6 bxc6 17. Bd6 Bxd6 18. Rxd6 Rd8 19. Nc5 Kf8 20. Ne5 Ke7
21. Rad1 Rb8 22. Nxc6+
1-0